Kurs teoretičeskoj mechaniki, čast´ I. Statika, Kinematika.

Uložené v:
Podrobná bibliografia
Hlavný autor: Jablonskij, Aleksandr A.
Médium: Kniha
Jazyk:Slovak
Vydané: 1962.
Tagy: Pridať tag
Žiadne tagy, Buďte prvý kto otaguje tento záznam!

MARC

LEADER 00000nam a22000004a 4500
001 000514621
005 20160726120806.0
008 160726s1962 xo e 000 0 slo d
040 |a SVKKK  |b slo  |c SVKKK  |e AACR2 
100 1 |a Jablonskij, Aleksandr A. 
245 1 0 |a Kurs teoretičeskoj mechaniki, čast´ I. Statika, Kinematika. 
260 |c 1962. 
500 |a Záznam revízie 
910 |a svkkk 
998 |a BK 
090 |g SCKHL  |k Sklad Pribinova 2. posch.  |a X0.3151  |j 013377  |i 514621-10  |4 Zastaraná  |s Vyradená